00406nam a2200169Ia 4500003000400000005001700004008004100021020001800062040000700080041000800087082001700095100001700112245003500129260004700164300001200211365001300223OSt20250424192831.0210423s2012 xx 000 0 und d a9789350516676 cAL aeng a368 GUPI223 aGUPTA (P K). aInsurance and risk management. aNew DelhibHimalaya Publishing Housec2012 a849bPB b540cINR